Militaries Better Than Sweden - Sudden Death - Statistics

General Stats
  • This quiz has been taken 67 times
  • The average score is 4 of 15
Answers on the Grid
Answers color-coded by a green-red scale on the quiz's grid according to % correct below.
Japan
Canada
UK
France
Argentina
Mexico
Israel
Denmark
Malaysia
South Korea
China
Australia
Estonia
Laos
New Zealand
Algeria
Taiwan
Norway
Poland
Greece
Indonesia
Pakistan
Peru
FInland
Colombia
Ukraine
Egypt
Spain
North Korea
Portugal
 
Answer Stats
Answer % Correct
Japan
77%
UK
63%
France
57%
China
40%
Israel
31%
South Korea
26%
Pakistan
20%
Indonesia
17%
Poland
17%
Australia
9%
Egypt
6%
Spain
6%
Ukraine
6%
Algeria
3%
Taiwan
3%
No matching quizzes found
Score Distribution
Percent of People with Each Score
Percentile by Number Answered
Your Score History
You have not taken this quiz